| 000 | 00755nam a22001937a 4500 | ||
|---|---|---|---|
| 999 |
_c15232 _d15232 |
||
| 003 | OSt | ||
| 082 | _2631.75807 CHI/LA | ||
| 088 | _aP 98 | ||
| 100 |
_aCHINTHA C _92820 |
||
| 245 | _aLaboratory studies on seepage and physical properties of low cost lining materials for field channels | ||
| 260 |
_aTavanur 2000 _bKelappaji College of Agricultural Engineering and Technology |
||
| 300 | _a48 | ||
| 500 | _aLaboratory studies on seepage and physical properties of low cost lining materials for field channels | ||
| 520 | _aLaboratory studies on seepage and physical properties of low cost lining materials for field channels | ||
| 700 |
_aRengith George _92821 |
||
| 700 |
_aVinayak N. C _92822 |
||
| 700 |
_aEr. Rema K.P (Guide) _92501 |
||
| 942 | _cPR | ||